000 00339nam a2200145Ia 4500
100 _aAICTE
942 _cBK
654 _aIndustrial
245 _aIndustrial Automation C-NO :635
260 _bContinuing Education Programmer AICTE
_aBangalore
_c1997
082 _a658.514
_bAICTE
300 _a92
546 _aENGLISH
999 _c29891
_d29891